50 rokov TJ Jasná, Združenie športových klubov Jasná Liptovský Mikuláš 1953-2003

Podrobná bibliografia
Ďalší autori: Krajčí, M. (Zostavovateľ, kompilátor)
Médium: Kniha
Jazyk:slovenčina
Fyzický popis:53 strán fotografie (prevažne farebné) 21 cm
Vydavateľské údaje: Liptovský Mikuláš Grafon [2003]
ISBN:8089130143
Vydanie:[1. vyd.]
Predmet:

MARC

LEADER 00000cam a2200000 a 4500
001 vtls001472736
003 SK-MaSNL
005 20260301191336.0
008 240226s2003 xo o gr 000 0 slo
015 |a SNBA2004/07-03956 
020 |a 8089130143 
035 |a SNK000428038 
035 |a urn:nbn:sk:snk-am3ixn6 
035 |a F05127E2-EC50-425B-9BF4-5FFA56B13A7B 
035 |a urn:nbn:sk:snk-am00g4d3 
040 |a SNK  |b slo  |c SNK  |e AACR2 
041 0 |a slo 
043 |a e-xo--- 
044 |a xo  |c SK 
072 7 |a 796  |x Šport. Hry. Telesné cvičenia  |2 konspekt 
080 |a 796/799:061  |2 2011 
080 |a (437.6)  |2 2011 
080 |a (082.2)  |2 2011 
080 |a (048.8)  |2 2011 
245 0 0 |a 50 rokov TJ Jasná, Združenie športových klubov Jasná Liptovský Mikuláš 1953-2003  |c M. Krajčí, ... [et al.] 
246 3 |a Päťdesiat rokov TJ Jasná 
246 3 0 |a Združenie športových klubov Jasná Liptovský Mikuláš 1953-2003 
250 |a [1. vyd.] 
260 |a Liptovský Mikuláš  |b Grafon  |c [2003] 
300 |a 53 strán  |b fotografie (prevažne farebné)  |c 21 cm 
500 |a Názov z obálky 
610 2 7 |a TJ Jasná (Liptovský Mikuláš, Slovensko)  |2 SNKKA  |9 567823 
648 7 |a 1953-2003  |2 SNKPH  |9 303625 
650 0 7 |a športové kluby  |2 SNKPH  |9 70137 
651 7 |a Liptovský Mikuláš (Slovensko)  |2 SNKPHgeo  |9 36847 
655 7 |a jubilejné publikácie  |2 SNKPH  |9 70339 
655 7 |a prehľady  |2 SNKPH  |9 70194 
700 1 |a Krajčí, M.  |4 com  |9 567824 
919 |a 80-89130-14-3 
958 |a OND 
999 |c 870711  |d 872641 
952 |t P60, <03>, [BOOK], {603}  |a SNK  |b SNK  |y PREZ  |7 0  |p 17A0424463  |o snkSC 115406  |i snkKSP 5071/2004  |0 0  |1 0  |4 0  |d 2004-04-07  |f 1  |l 0  |r 2025-10-03 00:00:00  |w 2026-02-24 
952 |t P60, <04>, [BOOK], {604}  |a SNK  |b SNK  |y VYP  |7 0  |p 17A0424464  |o snkSC 115406 D1  |i snkKSP 5072/2004  |0 0  |1 0  |4 0  |d 2004-04-07  |l 0  |r 2005-01-02 00:00:00  |w 2026-02-24